| 000 | 00567nam a2200205 i 4500 | ||
|---|---|---|---|
| 001 | bg | ||
| 100 | 1 | _aNOREK, Emil | |
| 245 | 0 |
_aKrajowy Rejestr Sądowy i postępowanie rejestrowe / _cEmil Norek. |
|
| 260 |
_aWarszawa : _bWydaw. Prawnicze "LexisNexis", _c2001. |
||
| 300 |
_a192 s. ; _c21 cm. |
||
| 504 | _aBibliogr. | ||
| 650 | 9 |
_aSpółki handlowe _xprawo _zPolska _ystan na 2001 r. |
|
| 020 | _a8388296795 | ||
| 040 | _cBPK | ||
| 041 | 0 | _apl | |
| 080 | _a347.72(438) | ||
| 920 | _a83-88296-79-5 | ||
| 942 | _cKS | ||
| 008 | s pl f |000 0 pol | ||
| 999 |
_c40428 _d40428 |
||
| 856 |
_uhttp://koha.tu.koszalin.pl/cgi-bin/koha/opac-detail.pl?biblionumber=40428 _yKatalog online BPK |
||